Argentina y Brasil : (Record no. 9785)

MARC details
000 -LEADER
fixed length control field 01157nam a22002657a 4500
008 - FIXED-LENGTH DATA ELEMENTS--GENERAL INFORMATION
fixed length control field 231012b ||||| |||| 00| 0 spa d
020 ## - INTERNATIONAL STANDARD BOOK NUMBER
International Standard Book Number 978-950-29-1238-7
040 ## - CATALOGING SOURCE
Transcribing agency AR-FvUNAJ
082 14 - DEWEY DECIMAL CLASSIFICATION NUMBER
Edition number 14
Classification number 330.98
100 1# - MAIN ENTRY--PERSONAL NAME
9 (RLIN) 19245
Personal name Piqué, Pilar
245 10 - TITLE STATEMENT
Title Argentina y Brasil :
Remainder of title pasado, presente y perspectivas /
Statement of responsibility, etc Pilar Piqué.
260 ## - PUBLICATION, DISTRIBUTION, ETC. (IMPRINT)
Place of publication, distribution, etc Buenos Aires :
Name of publisher, distributor, etc Universidad de Buenos Aires.
Date of publication, distribution, etc 2010.
300 ## - PHYSICAL DESCRIPTION
Extent 90 p. :
Other physical details gráficos
505 2# - FORMATTED CONTENTS NOTE
Title 1. Punto de partida para el estudio del desarrollo histórico de los ámbitos de acumulación argentino y brasilero.
505 2# - FORMATTED CONTENTS NOTE
Title 2. Desarrollo histórico de los ámbitos de acumulación argentino y brasilero.
505 2# - FORMATTED CONTENTS NOTE
Title 3. Los avances y retrocesos de la acumulación del capital en las últimas décadas y las transformaciones en la utilización de la fuerza de trabajo.
505 2# - FORMATTED CONTENTS NOTE
Title 4. Argentina y Brasil: pasado, presente y perspectivas.
505 2# - FORMATTED CONTENTS NOTE
Title 5. Anexo.
505 2# - FORMATTED CONTENTS NOTE
Title 6. Bibliografía
Miscellaneous information p. 82-88.
650 17 - SUBJECT ADDED ENTRY--TOPICAL TERM
Source of heading or term unescot
9 (RLIN) 524
Topical term or geographic name as entry element ECONOMIA
651 17 - SUBJECT ADDED ENTRY--GEOGRAPHIC NAME
9 (RLIN) 326
Geographic name ARGENTINA
Source of heading or term unescot
651 17 - SUBJECT ADDED ENTRY--GEOGRAPHIC NAME
9 (RLIN) 1182
Geographic name BRASIL
Source of heading or term unescot
942 ## - ADDED ENTRY ELEMENTS (KOHA)
Source of classification or shelving scheme Dewey Decimal Classification
Item type Libro, folleto, traducción
980 ## - EQUIVALENCE OR CROSS-REFERENCE-SERIES STATEMENT--PERSONAL NAME/TITLE [LOCAL, CANADA]
Linkage 21570
Personal name Diaz Bustince
Field link and sequence number 2
Miscellaneous information Virginia Figueroa
Holdings
Withdrawn status Lost status Source of classification or shelving scheme Damaged status Not for loan Home library Current library Date acquired Source of acquisition Full call number Barcode Date last seen Price effective from Koha item type
    Dewey Decimal Classification     Biblioteca Central Biblioteca Central 12/10/2023 Donación 330.98 PIQ UNAJ23100190 17/03/2025 12/10/2023 Libro, folleto, traducción

Lunes a Viernes 8:30 a 19:00 hs. Cerrado por mudanza
Av.Calchaqui 6200 Florencio Varela (CP188) 2°piso Edificio Mosconi Aula 209-210
Mail: bibliotecacentralunaj@gmail.com  
Whatsapp(54 9)1122668024    ❔Pregunte a la bibliotecaria
© Universidad Nacional Arturo Jauretche | Secretaría Académica | Biblioteca Central UNAJ